Loreto College Library, Kolkata
WEBOPAC (ONLINE PUBLIC ACCESS CATALOGUE)

The crown of wild olive & the cestus of aglaia (Record no. 22632)

MARC details
000 -LEADER
fixed length control field 00500nam a2200181Ia 4500
008 - FIXED-LENGTH DATA ELEMENTS--GENERAL INFORMATION
fixed length control field 131103s9999 xx 000 0 und d
040 ## - CATALOGING SOURCE
Original cataloging agency Loreto College
041 ## - LANGUAGE CODE
Language code English
082 ## - DDC | ডিউই
Classification number | বর্গসংখ্যা 824.86/RUS
Book Number | গ্রন্থাঙ্ক LCLIB/23583
100 ## - MAIN ENTRY--PERSONAL NAME | মুখ্য সংলেখ - ব্যাক্তিনাম
Personal name | ব্যাক্তিনাম Ruskin, John
245 #4 - TITLE STATEMENT | অাখ্যা বিবরণী
Title | অাখ্যা The crown of wild olive & the cestus of aglaia
Statement of responsibility | লেখকের দায়িত্বের বিবরণ John Ruskin
260 ## - IMPRINT | প্রকাশনা ক্ষেত্র
Place of publication | প্রকাশ স্থান London
Name of publisher | প্রকাশকের নাম denth & sons.
Date of publication | প্রকাশ কাল 1911
300 ## - PHYSICAL DESCRIPTION |
Page / Vol. No | পৃষ্ঠা / খন্ড সংখ্যা 217p.
650 ## - SUBJECT ADDED ENTRY--TOPICAL TERM | বিষয় শিরোনাম - মূল বিষয়
Topical term | মূল বিষয় English literature
651 ## - SUBJECT ADDED ENTRY--GEOGRAPHIC NAME | বিষয় শিরোনাম - ভৌগলিক নাম
Geographic name | ভৌগলিক বিষয় english eassay
850 ## - HOLDING INSTITUTION
Holding institution LCLIB/824.86/RUS
942 ## - ADDED ENTRY ELEMENTS (KOHA)
Koha item type Books
Holdings
Withdrawn status Lost status Source of classification Damaged status Not for loan Home library Current library Date acquired Total Checkouts Full call number Accession No. Date last seen Price effective from Koha item type
Withdrawn   Dewey Decimal Classification     Loreto College Loreto College 04/11/2013   824.86/RUS LCLIB/23583 B25056 04/11/2013 04/11/2013 Books